Estudio del terreno pliocénico de Tarrasa y de sus relaciones con las formaciones contiguas / por D. Domingo Palet y Barba
Descripción Física:
88 p., [3] f., 1 map. pleg. ; 24 cm
MARC
| LEADER | 00000nam a2200000Ia 4500 | ||
|---|---|---|---|
| 001 | 2294, 18479 | ||
| 008 | 160829s1895 xx 000 0 cat d | ||
| 080 | |a C-2-127; 2280, exp. 10 bis | ||
| 100 | |a Palet y Barba, Domingo |9 48270 | ||
| 245 | |a Estudio del terreno pliocénico de Tarrasa y de sus relaciones con las formaciones contiguas / por D. Domingo Palet y Barba | ||
| 260 | |a Barcelona : |b (Imp. de Henrich y Cia.), |c 1895 | ||
| 300 | |a 88 p., [3] f., 1 map. pleg. ; |c 24 cm | ||
| 590 | |a Inclou el mapa geològic de Terrassa, signat per Domingo Palet | ||
| 650 | |a Geologia |x Terrassa |9 48271 | ||
| 650 | |a Estratigrafia |x Pliocè |9 37480 | ||
| 651 | 0 | |a Terrassa (Catalunya) |9 50875 | |
| 901 | |a Arxiu | ||
| 942 | |n 1 | ||
| 952 | |0 0 |1 0 |4 0 |6 C2127_2280_EXP_10_BIS |7 1 |9 54436 |a Arxiu |b Arxiu |d 2016-12-01 |l 0 |o C-2-127; 2280, exp. 10 bis |p 2294, 18479 |r 2016-12-01 00:00:00 |w 2016-12-01 |y ARXIU | ||
| 999 | |c 58305 |d 58305 | ||